000 00771cam a2200253 4500
001 M2236
008 090401t1996 xxu||||| |||| 00| 0 eng d
035 _a(Sirsi) u37399
041 _aeng
050 _a658.88
110 _aRoyal Institution of Chartered Surveyors
_bBusiness Services - Services for Surveyors
_9540
245 _aCredit management guidelines for chartered surveyors.
260 _aLondon
_bRICS Business Services - Services for Su
_c1996
300 _a1v. (loose-leaf) ; 30cm.
350 _a30
650 _aABOUT RICS-RICS MEMBERS
650 _aCREDIT CONTROL
650 _aCREDIT MANAGEMENT
650 _aCREDIT RISK
650 _aLATE PAYMENT
690 _aPROPERTY-PROPERTY FINANCE AND INVESTMENT
942 _n0
948 _c04/03/1997
999 _c90474
_d90474